| 000 | 00606nam a2200217Ia 4500 | ||
|---|---|---|---|
| 003 | GCL | ||
| 008 | 140319s9999 xx 000 0 eng d | ||
| 040 |
_aGCL / _cGCL |
||
| 082 | 0 | 4 |
_a621.20424 _bK T |
| 100 | 1 | _aKHURMI, R.S. | |
| 245 | 1 | 0 |
_aALEXT BOOK OF HYDRAULICS, FLUID MECHANICS AND BYDREULIC MACHINES / _cKHURMI, R.S. |
| 260 |
_a[S.N] : _bS. CHAND & COMPANY LTD ، _c1994 |
||
| 300 | _a982 P | ||
| 650 | 0 | 4 | _aCIVIL ENGINEERING |
| 650 | 0 | 4 | _aHYDROSTATICS |
| 650 | 0 | 4 | _aHYDRAULICS |
| 650 | 0 | 4 | _aMECHANICS ENGINEERING |
| 650 | 0 | 4 | _aFLUID MECHANICS |
| 650 | 0 | 4 | _aMODEL ANALYSIS |
| 942 |
_2ddc _cBK |
||
| 999 |
_c20294 _d20294 |
||